000 00429nam a2200181Ia 4500
001 8190
005 20260306160550.0
008 260306t1996||||xx |||||||||||||| ||spa||
041 _aESP
082 _a370.15
_bB44
100 _aBigge, Morris L.
_eAUT
245 0 _aTeorías de aprendizaje para maestros
260 _c1996
300 _a414 páginas :
_c23 cm.
650 _aGEN
654 _aCED
942 _cLIB
_dJUS
_fJUS
_2ddc
_n
999 _c8190
_d8190